| 000 | 00621cam a2200217ua 4500 | ||
|---|---|---|---|
| 041 |
_aeng _h |
||
| 082 |
_a580 _bBOT |
||
| 100 | _aUnknown, . | ||
| 245 |
_aThe book of Botany, Part 1 / _cUnknown. _hTextual Documents |
||
| 260 |
_a : _bUnknown , _c1966. |
||
| 300 | _a519 ; . | ||
| 504 | _a | ||
| 650 | _aAngiospermic Plant, Natural orders | ||
| 650 | _aBotany, Endosperm, Embryo and seed | ||
| 650 | _aEcology | ||
| 650 | _aNon Flowering plants and some greate biologists | ||
| 650 | _aPhysiology of stem, Physiology of Growth | ||
| 650 | _aVegetative Reproduction | ||
| 942 | _cBK | ||
| 999 |
_c11308 _d11308 |
||